000 00637nam a2200181 i 4500
001 26521
003 ES-MaACL
005 20250815110832.0
007 t|
008 030109s1953 sp af |||| | spa d
100 1 _aArévalo y Carretero, Celso.
_922669
245 1 3 _aEl corazón de la tierra
_b: ¿un libro escrito como si fuese una novela o una novela escrita como si fuese un libro? /
_cCelso Arévalo y Carretero.
260 _aOviedo :
_b[s.n.,
_c1953] (
_fImp. La Carpeta)
300 _a240 p., 26 lám. :
_bil. ;
_c22 cm.
650 0 7 _aGeología
_2embne
_913086
852 _aES-MaACL
_jD-9298
999 _c26521
_d26521